Vista normal
Vista MARC
Entrada Materia (personas)
Número de registros utilizados en: 1
001 - CONTROL NUMBER
- control field: 162760
003 - CONTROL NUMBER IDENTIFIER
- control field: Co-BoUCM
005 - DATE AND TIME OF LATEST TRANSACTION
- control field: 20211111073952.0
008 - FIXED-LENGTH DATA ELEMENTS
- fixed length control field: 211111|| aca||aabn | a|a d
040 ## - CATALOGING SOURCE
- Original cataloging agency: Co-BoUCM
- Transcribing agency: Co-BoUCM
100 ## - HEADING--PERSONAL NAME
- Personal name: Jamison, Kay Redfield
- Form subdivision: Relatos personales
670 ## - SOURCE DATA FOUND
- Source citation: Work cat.: (Co-BoUCM)49797: Jamison, Kay Redfield 1969, Una mente inquieta testimonio sobre afectos y locura, 1996